| 000 | 00534nam a22001817a 4500 | ||
|---|---|---|---|
| 008 | 220310b |||||||| |||| 00| 0 eng d | ||
| 020 | _a1473767300 | ||
| 050 |
_aHF5681 _b.S86 2020 |
||
| 100 | _aStolowy, Herve | ||
| 245 |
_aFinancial Accounting and Reporting _ba Global Perspective _cHerve Stolowy, Yuan Ding & Luc Paugam |
||
| 250 | _a6th ed. | ||
| 260 |
_aAustralia _bCengage Learning _c2020 |
||
| 300 | _axxvi, 703p. | ||
| 650 | _aFinancial statements | ||
| 700 | _aDing, Yuan | ||
| 700 | _aPaugam, Luc | ||
| 942 |
_2lcc _cBK |
||
| 999 |
_c19257 _d19256 |
||